000 00698nam a2200205Ia 4500
001 1192
003 GE_BSU
008 181216s||||||||xx |||||||||||||| ||und||
040 _cGE_BSU
100 _aჯაფარიძე ა.
245 _aმემცენარეობა.
245 _bსახელმძღვანელო სასოფლო სამეურნეო ინსტიტუტის სტუდენტებისათვის.
260 _aთბილისი.
260 _bგანათლება.
260 _c1975.
300 _a400გვ. 21 სმ.
541 _h15 ლ.
653 _aმემცენარეობა.
942 _cBK
999 _c35340
_d35340